00825nam a22002417a 450000500170000001000130001702000100003003500130004003700160005304000120006908200150008110000330009624500990012926000330022827000510026130000230031265000200033565000250035570000260038094200240040699900190043095201340044920170124105933.0 aA-701490 c00.00 aA-701490 bCen Lib/Ret aDPLbEN a230.1bADI aAdigal, Prince Ilango 98714 aShilappadikaram :cby Prince Ilango Adigal ; translated by Jain Danieloubthe ankle bracelet / aIndia bPenguin Books c1993 bIndia a210, Chiranjiv Tower, 43, Nehru Place  ax, 211p.c19cm(Hb) aReligion976206 aIndian culture93853 aDanielou, Jain976207 2ddccENh230.1mADI c123959d123959 00104070aLbLd2015-06-13eCen Lib/Retg0.00l1o230.1 ADIpA-701490r2024-01-10 00:00:00s2023-12-29t1v0.00w2015-06-13yEN